| Tag |
First Indicator |
Second Indicator |
Subfields |
| LEADER |
00000cam a2200000 4500 |
| 001 |
in00000058392 |
| 005 |
20151007082238.0 |
| 008 |
750612s1934 eng u |
| 035 |
|
|
|a (OCoLC)01387387
|
| 035 |
|
|
|9 AAF7587AM
|
| 040 |
|
|
|c MYG
|d TXA
|d UtOrBLW
|
| 049 |
|
|
|a TXAM
|c [195096]
|
| 090 |
|
|
|a HM281
|b .P6 1934
|
| 092 |
|
|
|a 321.092
|b P857h
|
| 100 |
1 |
|
|a Postgate, Raymond,
|d 1896-1971.
|
| 245 |
1 |
0 |
|a How to make a revolution /
|c [by] Raymond Postgate.
|
| 264 |
|
1 |
|a London :
|b Hogarth Press,
|c 1934.
|
| 300 |
|
|
|a 199 pages ;
|c 19 cm.
|
| 336 |
|
|
|a text
|b txt
|2 rdacontent
|
| 337 |
|
|
|a unmediated
|b n
|2 rdamedia
|
| 338 |
|
|
|a volume
|b nc
|2 rdacarrier
|
| 650 |
|
0 |
|a Revolutions.
|
| 999 |
|
|
|a MARS
|
| 999 |
f |
f |
|s a234aa66-460f-344d-b684-3d033448ec1d
|i 7d2fcc51-b6e8-3c47-a1f5-1c1efcb29e42
|t 0
|
| 952 |
f |
f |
|p ric
|a Texas A&M University
|b Rellis Campus
|c Joint Library Facility
|d Remote Storage
|t 0
|e HM281 .P6 1934
|h Library of Congress classification
|i unmediated -- volume
|m A14800662299
|
| 998 |
f |
f |
|a HM281 .P6 1934
|t 0
|l Remote Storage
|